LEADER 01372nam--2200397---450- 001 990003011010203316 005 20100708104933.0 010 $a88-14-13495-2 035 $a000301101 035 $aUSA01000301101 035 $a(ALEPH)000301101USA01 035 $a000301101 100 $a20071112d2007----km-y0itay50------ba 101 $aita 102 $aIT 105 $a||||||||001yy 200 1 $aModuli consensuali e istituti negoziali nell'attuazione della norma tributaria$fMaria Teresa Moscatelli 210 $aMilano$cA. Giuffre$d2007 215 $aXVII, 393 p.$d24 cm 225 2 $a<> ordinamento tributario italiano 410 0$a<> ordinamento tributario italiano$12001 606 0 $aTributi$xAccertamento$xLegislazione 676 $a343.450420269 700 1$aMOSCATELLI,$bMaria Teresa$0502497 801 0$aIT$bsalbc$gISBD 912 $a990003011010203316 951 $aXXIV.5. Coll. 9/ 48 (COLL EBX 52)$b56687 G.$cXXIV.5. Coll. 9$d00161805 959 $aBK 969 $aGIU 979 $aIANNONE$b90$c20071112$lUSA01$h1240 979 $aCHIARA$b90$c20071210$lUSA01$h1211 979 $aRSIAV5$b90$c20091119$lUSA01$h1534 979 $aCAPRI$b90$c20100708$lUSA01$h1049 979 $aCHIARA$b90$c20110315$lUSA01$h1117 996 $aModuli consensuali e istituti negoziali nell'attuazione della norma tributaria$9709339 997 $aUNISA LEADER 01236nam0-2200409---450 001 990005638000203316 005 20190403124940.0 035 $a000563800 035 $aUSA01000563800 035 $a(ALEPH)000563800USA01 035 $a000563800 100 $a20031119d1992----|||y0itaa50------ba 101 $afre 102 $afr 105 $a0 00||| 200 1 $a<> figures de la forme$fsous la direction de Jean Gayon et Jean-Jacques Wunenburger$gpréface d'Etienne Wolff 210 $aParis$cEditions l'Harmattan$dcopyr. 1992 215 $a310 p.$d24 cm. 225 2 $aConversciences$ecollection dirigée par Philippe Brenot 410 0$12001$aConversciences 606 $aForma$xConcetto$xRappresentazione$2F 620 $dPARIS 676 $a117 702 1$aGAYON,$bJean 702 1$aWUNENBURGER,$bJean-Jacques 702 1$aWOLFF,$bEtienne 801 0$aIT$bSA$c20111219 912 $a990005638000203316 950 0$aDipar.to di Filosofia - Salerno$dDFCC 177 FIG$e4666 FIL 951 $aCC 177 FIG$b4666 FIL 959 $aBK 969 $aFIL 979 $c20121027$lUSA01$h1525 979 $c20121027$lUSA01$h1614 996 $aFigures de la forme$91133951 997 $aUNISA NUM $aSA0008915